| 000 | 00793nam a2200277 i 4500 | ||
|---|---|---|---|
| 001 | 188743 | ||
| 003 | SpMaBN | ||
| 005 | 20250825001608.0 | ||
| 008 | 190211s1993 sp ac |||| | spa d | ||
| 020 | _a8423942678 | ||
| 040 | _cSpMaBN | ||
| 080 | _a002 | ||
| 080 | _a655.42-051 | ||
| 100 | 1 |
_aMarañón, Gregorio, _d1887-1960 _976311 _eaut |
|
| 245 | 1 | 3 |
_aEl libro y el librero / _cGregorio Marañón. |
| 250 | _aEdición no venal | ||
| 260 |
_aMadrid : _bEspasa-Calpe, _c1993 |
||
| 300 |
_a44 páginas : _bilustraciones ; _c17 cm. |
||
| 599 | _aRetr. del autor. | ||
| 650 | 7 |
_aLibros _2embne _914428 |
|
| 650 | 4 |
_aLibreros. _9162679 |
|
| 852 | 4 |
_aES-MaACL _cDEPOF _j2337-F-7 |
|
| 942 |
_cFOLLETOS _n0 |
||
| 999 |
_c188743 _d188743 |
||